00517nam a2200193Ia 4500008004100000020001800041050001400059100001800073245004200091245004900133260001500182260002900197260000900226300001500235300002700250300001000277440002800287500000800315170918s9999 xx 000 0 und d a9780746060155 bD275 2007 aDaynes, Katie 4aThe adventures of Sinbad the sailor / cKatie Daynes ; illustrated by Paddy Mounter. aNew York : bUsborne Publishing Ltd., c2007 a48 pages : bcolored illustration ; c20cm. aUsbourne young reading. a600